000 00897nam a2200217Ia 4500
003 Ost
005 20260507075136.0
008 260507s9999||||xx |||||||||||||| ||und||
040 _cfsecg
041 _aara
082 _a330
100 _aطه، مصطفى كمال
_eمؤلف
245 0 _aأصول الإفلاس /
_c مصطفى كمال طه
260 _aالإسكندرية:
_bدار الفكر الجامعي,
_c2005
300 _a293 صفحة؛
_bإيضاحات ؛
_c25 سم
520 _aشهر الإفلاس، آثار الإفلاس بالنسبة الى المدين، آثار الإفلاس بالنسبة الى الدائنين وغيرهم من ذوي الحقوق، إنتهاء الإفلاس، الصلح الواقي من الإفلاس.
653 _aالإفلاس
653 _aالخسائر
653 _aالمدينون والدائنون
942 _cكتاب
999 _c43270
_d43270